000 00641nam a2200181 i 4500
001 18277
003 ES-MaACL
005 20230906151811.0
007 t|
008 011022s1898 sp ||||1| spa d
080 _a615.015.32
245 0 0 _aGuía homeopático doméstico para uso exclusivo de las familias con los síntomas característicos de los medicamentos homeopáticos mas empleados y con la indicación exacta de las dosis en cada uso /
_cpor S. P. y D.
250 _a4ª ed.
260 _aBarcelona :
_bFarmacia Homeopática,
_c1898.
300 _a152 p. ;
_c18 cm.
650 1 4 _aHomeopatía.
_913463
852 _aES-MaACL
_jA-282
999 _c18277
_d18277